00427nam a2200193 a 4500001001300000003000900013005001700022008003800039020001000077082001300087100001700100245001200117260001300129300000900142500003500151505001200186650001800198700001700216nice12345678IN_TiNIC20260116011450.0050524s1937 a grp 000 0 eng  ac10000a244bWAL aWallace, Lew aBen-Hur abc1937 a504p aincludes index and biblioraphy2 aTurkish aBible Stories1 aWallace, Lew